000 00363pab a2200145 454500
008 180718b1989 xxu||||| |||| 00| 0 eng d
100 _aVittal, N.
245 _aGovernment - Industry partnership for industrial growth
260 _c1989
300 _a10-11
362 _aFeb.
650 _aGovernment and Business
773 _aIndian Management
909 _a9490
999 _c9490
_d9490